=LDR 00000nam 2200000 4500 =001 000545 =005 20250711122428 =035 ##$$a 0010-0725000413 =007 ta =008 250711################a##########0#ind## =020 ##$$a 978-623-307-393-6 =082 ##$$a 398.209 598 =084 ##$$a 398.209 598 KIR k =100 #$$a Kirstry paxton =245 1#$$a Kisah hawa /$c Kirstry paxton =250 ##$$a Cetakan pertama =260 ##$$a Rawamangun :$b Badan pengembangan dan pembinaan bahasa,$c 2022 =300 ##$$a 18 hlm. : $b Ilus. ; $c 29cm =650 #4$$a Cerita anak indonesia-terjemahan =990 ##$$a TBM03060306